000
00201 a2200085 4500
001
84253
090
_c
40055
_d
40054
245
_a
A Comparative study of world religios
260
_a
Lahore
_b
Lahore book centre
_c
2003
942
_a
NUST-CAE
999
_c
319326
_d
319326